00998 2200193 4500001002100000005001500021035002000036245006200056100001700118300003600135856000900171260003600180082001100216084001700227020001800244650001700262520050900279990001600788INLIS00000000000865720260429124457 a0010-04260002821 aBudi Daya dan Penyulingan :bMinyak Nilam /cToto Subroto0 aToto Subroto a44hlm :bIlustrasi ;c14cmx21cm aUmum aBandung :bPribumi Mekar,c2007 a633.81 a633.81 TOT b a979-9148-67-7 4aIlmu Terapan aBudi Daya diam Penyulingan Minyak Nilam Indonesia tercatat sebagai pengekspor minyak nilam terbesar di dunia. Ironisnya, tanaman nilam kurang dikenal oleh masyarakat kita. Padahal, ini merupakan peluang bisnis yang bagus untuk dikembangkan. Pembudidayaan nilam tidaklah sulit, tetapi tetap membutuhkan perhatian dan ketelatenan. Apakah nilam itu? Bagaimanakah teknik budi daya nilam yang baik? Bagaimanakah minyak nilam diperoleh? Semua jawabannya dapat Anda temukan setelah membaca buku ini. aIT 2007 266